A zenepalota állami segélye fölterjesztés a miniszterhez
Elmentve itt :
| Dokumentumtípus: | Cikk |
|---|---|
| Megjelent: |
1912-08-31
|
| Sorozat: | Délmagyarország
3 No. 16 |
| Kulcsszavak: | Közművelődés zeneiskola 1912 |
| Online Access: | http://dmarchiv.bibl.u-szeged.hu/42422 |
| LEADER | 00452nab a2200145 i 4500 | ||
|---|---|---|---|
| 001 | delm42422 | ||
| 005 | 20180928090412.0 | ||
| 008 | 180927s1912 hu o 0|| hun d | ||
| 040 | |a SZTE Délmagyarország Archívum |b hun | ||
| 041 | |a hun | ||
| 245 | 0 | 2 | |a A zenepalota állami segélye |h [elektronikus dokumentum] : |b fölterjesztés a miniszterhez |
| 260 | |c 1912-08-31 | ||
| 300 | |a 3-4 | ||
| 490 | 0 | |a Délmagyarország |v 3 No. 16 | |
| 695 | |a Közművelődés zeneiskola 1912 | ||